Tytuł książki, w której występuje spójnik "i". - Statystyki

Ogólne statystyki
  • Ten quiz został rozwiązany 54 razy
  • Średni wynik to 2 z 5
Statystyki odpowiedzi
Odpowiedź % Poprawnych
Zbrodnia i kara
69%
W pustyni i w puszczy
54%
Ogniem i mieczem
27%
Noce i dnie
17%
Tristan i Izolda
2%
Nie znaleziono quizów pasujących do podanych kryteriów
Rozkład punktacji
Procent ludzi z każdym wynikiem
Percentyl według liczby udzielonych odpowiedzi
Twoja historia wyników
Nie rozwiązałeś tego quizu